Пам'ятник святому князю Володимиру у Києві (Запис № 339001)

МАРК-запис
000 -Лідер
fixed length control field 00680nam a22002537a 4500
003 - Ідентифікатор контрольного номера
control field UA-OsUOA
001 - Контрольний номер
control field 52917
007 - Фіксоване поле фізичного опису
fixed length control field ta
008 - Елементи даних фіксованої довжини – загальна інформація
fixed length control field 20080305b un ||||| |||| 00| 0 ukr d
090 ## - Локальний шифр розміщення
Класифікаційний індекс УДК 726.1(477)
Авторський знак (НП) Т52
040 ## - Джерело каталогізації
Агенція оригінальної каталогізації UA-OsUOA
Мова каталогізації ukr
Агенція, яка здійснювала перезапис UA-OsUOA
Агенція, яка здійснювала модифікацію UA-OsUOA
041 ## - Код мови
Код мови тексту/ звукової доріжки чи окремого заголовка (П) ukr
080 ## - Індекс Універсальної десяткової класифікації
Індекс Універсальної десяткової класифікації (УДК) (НП) 726.1(477)
020 ## - Міжнародний стандартний книжковий номер (ISBN)
Міжнародний стандартний книжковий номер (ISBN) (НП) 966-575-058-5
100 ## - Основне введення – ім’я особи
Ім’я особи (НП) Толочко Л. І.
245 ## - Відомості про назву
Назва (НП) Пам'ятник святому князю Володимиру у Києві
260 ## - Публікація, розповсюдження і т.п. (Вихідні дані)
Місце публікації, розповсюдження і т.п. (П) К.
Ім’я/ наймення видавництва, розповсюджувача і т.п. (П) Техніка
Дата публікації, розповсюдження і т.п. (П) 2007
300 ## - Фізичний опис
Обсяг 144 с.
650 #7 - Додаткове предметне введення – тематичний термін
Тематичний термін чи географічна назва, як елемент введення (НП) 72 Архітектура
Джерело заголовка чи терміна UDC
700 ## - Додаткове введення – ім'я особи
Ім’я особи (НП) Грибовська О. В.
942 ## - Додаткові елементи входу (Коха)
Тип елемента Koha Книги
955 ## - Код типу видання за змістом
Код типу видання за змістом (НП) Наукові видання
Фонди
Стан вилучень Стан втрат Джерело класифікації або схеми стелажів Стан уражень Не для кредиту Постійне місце розташування Поточне розміщення Дата придбання Джерело придбання Вартість, звичайна ціна покупки Інвентарний номер Усього замовленно Повний номер виклику Штрих-код Дата останнього перегляду Ціна ефективна від Тип елемента Koha
    Universal Decimal Classification     АБ - Абонемент НБ АБ - Абонемент НБ 05/03/2008 24/2008 22.10 112093   726.1(477) Т52 112093 29/12/2021 05/03/2008 Книги
    Universal Decimal Classification     АБ - Абонемент НБ АБ - Абонемент НБ 09/07/2010 66/2010 22.10 128630   726.1(477) Т52 128630 09/02/2022 05/03/2008 Книги
    Universal Decimal Classification     АБ - Абонемент НБ АБ - Абонемент НБ 09/07/2010 66/2010 22.10 128631   726.1(477) Т52 128631 09/02/2022 05/03/2008 Книги
    Universal Decimal Classification     АБ - Абонемент НБ АБ - Абонемент НБ 09/07/2010 66/2010 22.10 128632   726.1(477) Т52 128632 09/02/2022 05/03/2008 Книги
    Universal Decimal Classification     АБ - Абонемент НБ АБ - Абонемент НБ 09/07/2010 66/2010 22.10 128633   726.1(477) Т52 128633 09/02/2022 05/03/2008 Книги
    Universal Decimal Classification     АБ - Абонемент НБ АБ - Абонемент НБ 09/07/2010 66/2010 22.10 128634   726.1(477) Т52 128634 09/02/2022 05/03/2008 Книги